000 00476nam a2200157Ia 4500
008 090124s9999 xx 000 0 und d
082 _b12893
245 _a चौकोनी आकाश
250 _a1
260 _bसुविचार प्रकाशन मंडळ
_c1974
300 _a134
630 _a चौकोनी आकाश
700 _aतेंडूलकर रमेश अ.
730 _a चौकोनी आकाश
942 _cBOOK
999 _c87291
_d87291